000 00573nam a2200205Ia 4500
003 OSt
005 20260102154501.0
008 210210b1956 xxu||||| |||| 00| 0 eng d
040 _cAL
041 _akan
082 _a859/1813
100 _aVENKATESHAYYA (B V)
_9156554
_dವೆಂಕಟೇಶಯ್ಯ (ಬಿ ವಿ)
245 _aGrikara kathegalu:
_bಗ್ರೀಕರ ಕಥೆಗಳು
260 _aBengaluru
_b-
_c1956
650 _akathegaLu
_9156555
650 _aGrIkara
_9156556
690 _aKannada Fiction
_9156557
906 _a022533
942 _2ddc
_cBK
999 _c146945
_d146945